Рассказы; Набег; Записки маркера; Севастополь в декабре месяце; Севастополь в мае; Севастополь в августе 1855 года; Из записок князя Д. Нехлюдова. Люцерн; Три смерти; Холстомер; Много ли человеку земли нужно; Хозяин и работник; После бала; Алеша Горшок; Корней Васильев; Три дня в деревне

Bibliografiske detaljer
Hovedforfatter: Толстой Л. Н. Лев Николаевич
Andre forfattere: Сергеева Т. (иллюстратор)
Sprog:russisk
Udgivet: Ленинград, Художественная литература, 1981
TOC:Набег; Записки маркера; Севастополь в декабре месяце; Севастополь в мае; Севастополь в августе 1855 года; Из записок князя Д. Нехлюдова. Люцерн; Три смерти; Холстомер; Много ли человеку земли нужно; Хозяин и работник; После бала; Алеша Горшок; Корней Васильев; Три дня в деревне;
Fag:
Format: MixedMaterials Bog
KOHA link:https://koha.lib.tpu.ru/cgi-bin/koha/opac-detail.pl?biblionumber=120805

MARC

LEADER 00000nam0a2200000 4500
001 120805
005 20241017063203.0
020 |a RU  |b 81-73796 
035 |a (RuTPU)RU\TPU\book\130811 
090 |a 120805 
100 |a 20070905d1981 m y0rusy5003 ca 
101 0 |a rus 
102 |a RU 
105 |a a z 000ay 
200 1 |a Рассказы  |f Л. Н. Толстой  |g худож. Т. Сергеева 
210 |a Ленинград  |c Художественная литература  |d 1981 
215 |a 352 с.  |c ил.  |d 21 см. 
464 |t Набег; Записки маркера; Севастополь в декабре месяце; Севастополь в мае; Севастополь в августе 1855 года; Из записок князя Д. Нехлюдова. Люцерн; Три смерти; Холстомер; Много ли человеку земли нужно; Хозяин и работник; После бала; Алеша Горшок; Корней Васильев; Три дня в деревне  |o рассказы 
610 1 |a русская литература 
610 1 |a классика 
610 1 |a повести 
610 1 |a рассказы 
675 |a Р1  |z rus 
700 1 |a Толстой  |b Л. Н.  |c граф  |c русский писатель  |c член-корреспондент, почетный академик Петербургской АН  |f 1829-1910  |g Лев Николаевич  |7 ca  |8 rus  |2 stltpush  |3 (RuTPU)RU\TPU\pers\497  |9 238 
702 1 |a Сергеева  |b Т.  |4 440 
801 0 |a RU  |b RuMRKP  |c 19950704  |g psbo 
801 1 |a RU  |b 63413507  |c 20070905  |g PSBO 
801 2 |a RU  |b 63413507  |c 20180919  |g PSBO 
942 |c BK